Industrial rent survey (Record no. 117035)

MARC details
000 -LEADER
fixed length control field 01087cam a2200241 4500
001 - CONTROL NUMBER
control field WB4007-04
008 - FIXED-LENGTH DATA ELEMENTS--GENERAL INFORMATION
fixed length control field 040218n2004 000 0 eng u
035 ## - SYSTEM CONTROL NUMBER
System control number (Sirsi) u125186
245 ## - TITLE STATEMENT
Title Industrial rent survey
260 ## - PUBLICATION, DISTRIBUTION, ETC.
Date of publication, distribution, etc. 2004
490 ## - SERIES STATEMENT
Series statement ATIS Real Weatheralls Industrial Rent Survey
Volume/sequential designation Quarter One2004 (4)
520 ## - SUMMARY, ETC.
Summary, etc. The latest ATIS Real Weatheralls "Industrial rent survey" shows increasing enquiry levels with occupiers focusing on operational expansion and efficiency drives. The big shed distribution market is showing signs of recovery while the report forecasts rent increases of up to 6% along the M1 corridor over the next five years. The report is available to view at http://www.atisweatheralls.com/pdfs/IndustrialRSQ1 _04.pdf.
590 ## - LOCAL NOTE (RLIN)
Local note WB
590 ## - LOCAL NOTE (RLIN)
Local note WB
650 ## - SUBJECT ADDED ENTRY--TOPICAL TERM
Topical term or geographic name entry element INDUSTRIAL MARKET
650 ## - SUBJECT ADDED ENTRY--TOPICAL TERM
Topical term or geographic name entry element DISTRIBUTION MARKET
650 ## - SUBJECT ADDED ENTRY--TOPICAL TERM
Topical term or geographic name entry element INDUSTRIAL DEVELOPMENT
650 ## - SUBJECT ADDED ENTRY--TOPICAL TERM
Topical term or geographic name entry element INDUSTRIAL RENT SURVEY
650 ## - SUBJECT ADDED ENTRY--TOPICAL TERM
Topical term or geographic name entry element INDUSTRIAL RENTS
650 ## - SUBJECT ADDED ENTRY--TOPICAL TERM
Topical term or geographic name entry element ATIS REAL WEATHERALLS INDUSTRIAL RENT SURVEY
690 ## - LOCAL SUBJECT ADDED ENTRY--TOPICAL TERM (OCLC, RLIN)
Topical term or geographic name as entry element COMMERCIAL PROPERTY-MARKET
942 ## - ADDED ENTRY ELEMENTS (KOHA)
Suppress in OPAC 0
Holdings
Withdrawn status Lost status Source of classification or shelving scheme Damaged status Not for loan Home library Current library Shelving location Date acquired Total Checkouts Full call number Barcode Date last seen Copy number Price effective from Koha item type
    Dewey Decimal Classification     London London News article 18/02/2004   WB4007-04 125186-1001 06/08/2019 1 06/08/2019 News article